000 00456nam a2200181Ia 4500
005 20250326142457.0
008 250326s9999 xx 000 0 und d
037 _aTextbook
040 _aFMSL
_beng
_cFMSL
041 _aeng
_2eng
084 _qFMSL
100 _aWallace J
_9746107
245 0 _aHard Drive
_cWallace J; Erickson J
260 _aU S A
_bU S A, Harper Business
_c1992
300 _a431p
942 _cTB
999 _c1295212
_d1295212